LEADER 01296nam 2200337z- 450 001 996540341203316 005 20231214141232.0 010 $a3-7489-1106-8 035 $a(CKB)5490000000111212 035 $a(oapen)https://directory.doabooks.org/handle/20.500.12854/71609 035 $a(EXLCZ)995490000000111212 100 $a20202108d2005 |y 0 101 0 $ager 135 $aurmn|---annan 181 $ctxt$2rdacontent 182 $cc$2rdamedia 183 $acr$2rdacarrier 200 10$aRecht als Handlungsressource kommunaler Industrieansiedlungspolitik$eZum Gebrauch und Verzicht von Recht bei ungleicher Machtverteilung: Ergebnisse einer Langzeitfallstudie 210 $aBaden-Baden$cNomos Verlagsgesellschaft mbH & Co. KG$d2005 215 $a1 electronic resource (601 p.) 225 1 $aFundamenta Juridica$vBand 51 311 $a3-8329-1592-3 606 $aLND$2bicssc 610 $aÖffentliche Verwaltung, Öffentliches Recht, Verwaltungslehre, Verwaltungsrecht und Verwaltungspraxis, Verwaltungswissenschaft 615 7$aLND 700 $aBreunung$b Leonie$4auth$01081723 702 $aTreiber$b Hubert$4auth 906 $aBOOK 912 $a996540341203316 996 $aRecht als Handlungsressource kommunaler Industrieansiedlungspolitik$93028662 997 $aUNISA